000 00387nam a2200121 4500
999 _c11366
_d11366
008 181117b ||||| |||| 00| 0 eng d
100 _932633
_aRonda, Rainier Allan
245 _aLegarda named climate change adaptation champ/
_cRainier Allan Ronda
260 _aPhilippines
_bPhilippine Daily Inquirer
_cc2017
300 _apage A7.
650 0 _932634
_aClimate change.
942 _2ddc
_cPER